Podvojné účtovníctvo podnikateľov pre rok 2013.
Saved in:
| Corporate Author: | |
|---|---|
| Format: | Book |
| Language: | Slovak |
| Published: |
Bratislava :
Epos,
2013.
|
| Edition: | [1. vyd.] |
| Subjects: | |
| ISBN: |
9788056200001 (brož.) |
| Physical Description: |
479 s. : tab. ; 21 cm. |
| Tags: |
Add Tag
No Tags, Be the first to tag this record!
|
Titul je dostupný aj v ... 

MARC
| LEADER | 00000nam a2200000 a 4500 | ||
|---|---|---|---|
| 001 | 000418513 | ||
| 005 | 20130920132818.0 | ||
| 008 | 130430s2013 xo kl g f 000 0 slo d | ||
| 020 | |a 9788056200001 (brož.) | ||
| 040 | |a SVKKK |b slo |c SVKKK |e AACR2 | ||
| 041 | 0 | |a slo | |
| 043 | |a e-xo--- | ||
| 044 | |a xo |c SK | ||
| 072 | 7 | |a 657 |x Účtovníctvo |2 konspekt | |
| 080 | |a 657.12 |2 2001 | ||
| 080 | |a (437.6) |2 2001 | ||
| 080 | |a (094.5) |2 2001 | ||
| 080 | |a (035) |2 2001 | ||
| 110 | 1 | |a Slovensko | |
| 240 | 1 | 0 | |a Zákony, etc. |
| 245 | 1 | 0 | |a Podvojné účtovníctvo podnikateľov pre rok 2013. |
| 250 | |a [1. vyd.] | ||
| 260 | |a Bratislava : |b Epos, |c 2013. | ||
| 300 | |a 479 s. : |b tab. ; |c 21 cm. | ||
| 504 | |a Bibl. odkazy | ||
| 648 | 7 | |a 2013 |2 SVKKKPH | |
| 650 | 0 | 7 | |a podvojné účtovníctvo |2 SVKKKPH |
| 651 | 7 | |a Slovensko |2 SVKKKPH | |
| 655 | 7 | |a právne predpisy |2 SVKKKPH | |
| 655 | 7 | |a príručky |2 SVKKKPH | |
| 910 | |a svkkk | ||
| 919 | |a 978-80-562-0000-1 | ||
| 998 | |a BK | ||
| 090 | |g SCKHL |k Sklad |a III.226369 |j 1046183 |i 2720296835 |s Absenčne | ||